000 nam a22 7a 4500
999 _c24071
_d24071
008 170127b xxu||||| |||| 00| 0 eng d
020 _a9781308165479
050 _aQH 308.2 .I58 2014
100 _aMc Graw Hill.
_d2014
245 _aIntroduction to Biology/
260 _aUSA:
_bMc Graw hill,
_c2014.
300 _av, 501p.:
_bill.;
_c28cm.
521 _aIncludes bibliographical references and index.
650 _aBiology.
942 _2lcc
_cBOOKS
_hQH 308.2 .I58 2014